1268 1450 1856 1172 1356 1940 1337 1594 1914 1597 1608 1202 1838 1778 1790 1218 1312 1905 1035 1545 1995 1899 1709 1237 1703 1673 1559 1257 1529 1503 1346 1376 1389 1826 1356 1817 1856 1682 1207 1187 1753 1220 1736 1709 1512 1583 1934 1517 1239 1748 1715 1946 1280 1135 1546 1397 1183 1611 1094 1184 1531 1466 1727 1788 1326 1561 1100 1611 1132 1868 1069 1977 1882 1171 1907 1583 1123 1903 1031 1816 1226 1399 1882 1708 1757 1692 1840 1078 1256 1698 1606 1601 1329 1579 1195 1719 1772 1749 1128 BCNSPRNW ULIB Ver.6.0+V

เปลี่ยนเป็นภาษาไทย

Change to English
 แสดงรายละเอียดบรรณานุกรม
  กลับหน้าหลัก

Brief Record : Get Marc (ISO 2709) : E-mail record : QR code < ปิดหน้าต่าง
LEADER : 00000nam 2200000uu 4500
001    13399124376
003     ULIB
008    150529s||||||||th 000 0 tha d
099    วจ.WG340^bส732ก
100 0  สิรีรัตน์ อายุวัฒน์, อภิเชษฐ์ พูลทรัพย์ และนิดา มีทิพย์
245 00 การคัดกรองโรคความดันโลหิตสูงและโรคเบาหวานในประชาชน เขตอำเภอเมือง จังหวัดพิษณุโลก โดยใช้ปิงปองจราจรชีวิต 7 สี^cสิรีรัตน์ อายุวัฒน์, อภิเชษฐ์ พูลทรัพย์ และนิดา มีทิพย์
260    พิษณุโลก:^bวิทยาลัยพยาบาลบรมราชชนนี พุทธชินราช^c2557
300    42 หน้า
650  0 โรคความดันโลหิตสูง^xวิจัย
650  0 โรคเบาหวาน^xวิจัย
700 0  อภิเชษฐ์ พูลทรัพย์
700 0  นิดา มีทิพย์
945    ^p0^l0^i039456
999    ^aเกษร โพธิ์สุวรรณ
รายการนี้ยังไม่มีแท็ก
คุณยังไม่ได้ล็อกอิน คุณสามารถมีกิจกรรมร่วมกับเว็บไซต์ได้ แต่ต้องล็อกอินก่อน ::
  ล็อกอิน

รายการสื่อสารสนเทศ

ลำดับที่ ประเภท เลขเรียก/บาร์โค้ด สถานที่ สถานะ
1. งานวิจัย
งานวิจัย
วจ.WG340 ส732ก ฉ.1 
  Barcode: 039456
ห้องสมุดวิทยาเขตสวรรค์ประชารักษ์
►วิจัย
บนชั้น

BibComment


ยังไม่เคยถูกคอมเมนท์

คอมเมนท์ทรัพยากรรายการนี้
  คอมเมนท์: การคัดกรองโรคความ..


 Copyright 2026. Bcnsprnw @Library